000 01036nam a2200313 i 4500
003 EG-GICUC
005 20260429102656.0
008 260429s1967 fr fr|||| 00| 0 fre d
040 _aEG-GiCUC
_bfre
_cEG-GiCUC
_dEG-GiCUC
_eRda
041 _afre
082 0 4 _221
_a343.3
_bGR . S
092 0 4 _221
099 _aLaw1 10 343.3 GR . S 1967
100 1 _aGraven, Jean,
_eAuteur
245 1 0 _aSimilitude Et Divergence Des Procédures Pénales Genevoise Et Française /
_c Jean Graven.
264 1 _aGenève :
_bFaculté de droit de Genève,
_c 1967.
300 _a146page ;
_c 24 cm.
336 _2rda contenu
_a texte
337 _2rda medias
_aOrdinateur
338 _2 transporteur rda
_a Ressource en ligne
504 _aComprend des références bibliographiques.
546 _aTexte en français
650 1 _aDroit pénal
_zFrance
_2qrmak
650 1 _aDroit pénal
_zGenevoise
651 1 _2qrmak
856 4 0 _uhttps://fll.law.cu.edu.eg/fulltext/bks/B10-09217.pdf
905 _a167
942 _2ddc
_cBK
_e21
_n0
999 _c74066
_d74066